MARC

LEADER 00000nam0a2200000 4500
001 283051
005 20231101235546.0
035 |a (RuTPU)RU\TPU\book\307079 
090 |a 283051 
100 |a 20150204d1984 k y0rusy50 ca 
101 0 |a rus 
102 |a RU 
105 |a a z 001zy 
200 1 |a Дииодид ртути: получение, свойства, применение  |f Академия наук СССР (АН СССР), Сибирское отделение (СО), Институт физики полупроводников (ИФП) ; под ред. Л. С. Смирнова 
210 |a Новосибирск  |c Наука  |d 1984 
215 |a 103 с.  |c ил. 
320 |a Библиогр.: с. 99-102 
606 1 |a Ртуть, иодиды  |2 stltpush  |3 (RuTPU)RU\TPU\subj\32732  |9 55188 
610 1 |a свойства 
610 1 |a применение 
610 1 |a получение 
610 1 |a монокристаллы 
610 1 |a выращивание 
610 1 |a оптические свойства 
610 1 |a ядерное излучение 
610 1 |a детекторы 
675 |a 661.84  |v 3 
702 1 |a Смирнов  |b Л. С.  |4 340 
712 0 2 |a Академия наук СССР (АН СССР)  |b Сибирское отделение (СО)  |b Институт физики полупроводников (ИФП)  |c (Новосибирск)  |2 stltpush  |3 (RuTPU)RU\TPU\col\11385 
801 1 |a RU  |b 63413507  |c 20150204 
801 2 |a RU  |b 63413507  |c 20170725  |g RCR 
942 |c BK